[Event "Trieste op 23rd"]
[Site "Trieste"]
[Date "2021.08.31"]
[Round "5"]
[White "Nordio, Giorgio"]
[Black "Ronka, Erik"]
[Result "0-1"]
[WhiteElo "2130"]
[BlackElo "2324"]
[PlyCount "86"]
[EventDate "2021.08.28"]
[EventType "swiss"]
[EventRounds "9"]
[EventCountry "ITA"]
[SourceTitle "CBM 204 Extra"]
[Source "ChessBase"]
[SourceDate "2021.11.30"]
[SourceVersion "1"]
[SourceVersionDate "2021.11.30"]
[SourceQuality "1"]

1. c4 c6 2. Nf3 d5 3. g3 Bg4 4. Bg2 e6 5. b3 Nd7 6. Bb2 Ngf6 7. 0-0 Bd6 8. d3 0-0 9. Nbd2 Re8 10. h3 Bh5 11. Qc2 e5 12. e4 dxe4 13. Nxe4 Nxe4 14. dxe4 Qc7 15. Rad1 Rad8 16. Rd2 f6 17. Nh4 Nf8 18. Bf3 Bxf3 19. Nxf3 Ne6 20. Rfd1 Bc5 21. Bc3 a5 22. Rxd8 Rxd8 23. Rd3 b6 24. Kg2 Bd4 25. Bxd4 exd4 26. c5 bxc5 27. Qc4 Re8 28. Rd1 h6 29. Ne1 Qe5 30. f3 Kh8 31. Rc1 Qg5 32. Rc2 f5 33. h4 Qg6 34. exf5 Nf4+ 35. Kf2 Nh3+ 36. Kg2 Nf4+ 37. Kf2 Qh5 38. Qf1 Nd5 39. Qh3 Qf7 40. Qg4 Ne3 41. Qg6 Qxg6 42. fxg6 Nxc2 43. Nxc2 d3 0-1

[Event "Trieste op 23rd"]
[Site "Trieste"]
[Date "2021.08.28"]
[Round "1"]
[White "Nordio, Giorgio"]
[Black "Sumets, Andrey"]
[Result "0-1"]
[WhiteElo "2130"]
[BlackElo "2546"]
[PlyCount "71"]
[EventDate "2021.08.28"]
[EventType "swiss"]
[EventRounds "9"]
[EventCountry "ITA"]
[SourceTitle "CBM 204 Extra"]
[Source "ChessBase"]
[SourceDate "2021.11.30"]
[SourceVersion "1"]
[SourceVersionDate "2021.11.30"]
[SourceQuality "1"]

1. c4 e5 2. g3 c6 3. Nc3 Nf6 4. d4 d6 5. dxe5 dxe5 6. Qxd8+ Kxd8 7. f4 Be6 8. Nf3 exf4 9. Bxf4 h6 10. 0-0-0+ Nbd7 11. Nd4 Bb4 12. Nxe6+ fxe6 13. Bh3 Ke7 14. Rd3 g5 15. a3 Bc5 16. Be3 Bxe3+ 17. Rxe3 g4 18. Bg2 h5 19. Kc2 Rag8 20. b4 Rg5 21. Rd1 h4 22. b5 Ne5 23. Kb3 hxg3 24. hxg3 Rh2 25. bxc6 bxc6 26. Be4 Rg8 27. Na4 Nfd7 28. Rh1 Rb8+ 29. Kc3 Rxh1 30. Bxh1 Rb1 31. Be4 Rc1+ 32. Bc2 Nxc4 33. Kxc4 Rxc2+ 34. Kb3 Rd2 35. Nc3 Rd4 36. Ne4 0-1

[Event "Milan Crespi op-C 35th"]
[Site "Milan"]
[Date "2014.12.06"]
[Round "4"]
[White "Nordio, Giorgio"]
[Black "Ciciotti, Augusto Walter"]
[Result "0-1"]
[WhiteElo "1766"]
[BlackElo "1880"]
[PlyCount "96"]
[EventDate "2014.12.04"]
[EventType "swiss"]
[EventRounds "7"]
[EventCountry "ITA"]
[SourceTitle "EXT 2017"]
[Source "ChessBase"]
[SourceDate "2016.10.25"]
[SourceVersion "1"]
[SourceVersionDate "2016.10.25"]
[SourceQuality "1"]

1. c4 Nf6 2. g3 g6 3. Bg2 Bg7 4. Nf3 0-0 5. 0-0 d6 6. Nc3 Nc6 7. d3 a6 8. Rb1 e5 9. b4 Ne7 10. a4 h6 11. b5 a5 12. Ba3 Nd7 13. Qc2 Rb8 14. Nd2 b6 15. Nce4 Nc5 16. Nf3 Ne6 17. Bb2 f5 18. Nc3 Bb7 19. e3 g5 20. e4 f4 21. Rfe1 Ng6 22. Nd5 g4 23. Nd2 Ng5 24. Kh1 h5 25. Qd1 Bxd5 26. cxd5 f3 27. Bf1 h4 28. gxh4 Nxh4 29. d4 Qf6 30. dxe5 dxe5 31. Nc4 Rbe8 32. Qc2 Ng2 33. Red1 Nf7 34. Bxg2 fxg2+ 35. Kxg2 Qf3+ 36. Kf1 Nd6 37. Nxd6 cxd6 38. Rd2 Bh6 39. Rd3 Qh1+ 40. Ke2 Qxe4+ 41. Kf1 Rxf2+ 42. Kxf2 Rf8+ 43. Kg3 Rf3+ 44. Kg2 Rxd3+ 45. Kg1 Be3+ 46. Kf1 Qf3+ 47. Ke1 Bc5 48. Ba3 Re3+ 0-1

[Event "Lombardia Region-ch"]
[Site "Saronno"]
[Date "2013.05.26"]
[Round "5"]
[White "Botta, Massimiliano"]
[Black "Nordio, Giorgio"]
[Result "0-1"]
[WhiteElo "1622"]
[BlackElo "1668"]
[PlyCount "52"]
[EventDate "2013.05.24"]
[EventType "swiss"]
[EventRounds "5"]
[EventCountry "ITA"]
[SourceTitle "EXT 2015"]
[Source "ChessBase"]
[SourceDate "2014.11.20"]
[SourceVersion "1"]
[SourceVersionDate "2014.11.20"]
[SourceQuality "1"]

1. e4 c6 2. d4 d5 3. Nc3 dxe4 4. Nxe4 Bf5 5. Ng3 Bg6 6. h4 h6 7. h5 Bh7 8. Nf3 Nd7 9. Bd3 Bxd3 10. Qxd3 Qc7 11. c4 e6 12. Ne2 Bb4+ 13. Bd2 Bxd2+ 14. Nxd2 Ngf6 15. Nc3 0-0-0 16. Nde4 Ne5 17. Qc2 Rxd4 18. Nxf6 gxf6 19. b3 Nd3+ 20. Kf1 Rhd8 21. f3 Nb4 22. Qf2 Rd2 23. Qxa7 Qg3 24. Qg1 Nc2 25. Ne4 Ne3+ 26. Qxe3 Qxg2+ 0-1

[Event "Lombardia Region-ch"]
[Site "Saronno"]
[Date "2013.05.26"]
[Round "4"]
[White "Nordio, Giorgio"]
[Black "Lapiccirella, Daniele"]
[Result "0-1"]
[WhiteElo "1668"]
[BlackElo "2211"]
[PlyCount "96"]
[EventDate "2013.05.24"]
[EventType "swiss"]
[EventRounds "5"]
[EventCountry "ITA"]
[SourceTitle "EXT 2015"]
[Source "ChessBase"]
[SourceDate "2014.11.20"]
[SourceVersion "1"]
[SourceVersionDate "2014.11.20"]
[SourceQuality "1"]

1. c4 c6 2. g3 d5 3. cxd5 cxd5 4. d4 Nf6 5. Nc3 Nc6 6. Bg2 Bf5 7. e3 e6 8. Nf3 Bd6 9. 0-0 0-0 10. a3 Rc8 11. Re1 h6 12. Nd2 Bg6 13. e4 Nxd4 14. Nf1 e5 15. Nxd5 Nxd5 16. exd5 Nc2 17. Bd2 Nxe1 18. Qxe1 Qb6 19. Bc3 Rfe8 20. Ne3 Bc5 21. Nc4 Bxf2+ 22. Qxf2 Qxf2+ 23. Kxf2 Rxc4 24. d6 Be4 25. Bxe4 Rxe4 26. Rd1 Rd8 27. Kf3 f5 28. Rd5 Kf7 29. Rxe5 Rxe5 30. Bxe5 g5 31. Ke3 Rd7 32. h3 Ke6 33. Bc3 Rxd6 34. Bg7 Kd5 35. h4 gxh4 36. gxh4 Rg6 37. Bf8 h5 38. Kf3 Rg4 39. Be7 Kc4 40. Bf6 Kd3 41. Bg5 b5 42. Bf6 b4 43. axb4 Rxb4 44. Kg3 Ke4 45. Bc3 Rb3 46. Kg2 Kf4 47. Bd4 a5 48. Bc3 a4 0-1

[Event "Ceriano Laghetto op-C 20th"]
[Site "Ceriano Laghetto"]
[Date "2011.04.03"]
[Round "3"]
[White "Nordio, Giorgio"]
[Black "Gonella, Graziano"]
[Result "1-0"]
[WhiteElo "1425"]
[BlackElo "1239"]
[PlyCount "112"]
[EventDate "2011.04.01"]
[EventType "swiss"]
[EventRounds "5"]
[EventCountry "ITA"]
[SourceTitle "EXT 2024"]
[Source "ChessBase"]
[SourceDate "2023.10.10"]
[SourceVersion "1"]
[SourceVersionDate "2023.10.10"]
[SourceQuality "1"]

1. e4 Nc6 2. d4 d5 3. e5 f6 4. exf6 Nxf6 5. Nf3 Bg4 6. Be3 e5 7. Be2 exd4 8. Nxd4 Bxe2 9. Nxe2 Be7 10. 0-0 0-0 11. Nbc3 Bd6 12. Nxd5 Bxh2+ 13. Kxh2 Qd6+ 14. Kg1 Nxd5 15. Bd2 Rad8 16. Re1 Rf5 17. Ng3 Re5 18. Rxe5 Nxe5 19. Qe2 Qe6 20. Re1 Re8 21. f4 Qg4 22. Qxg4 Nxg4 23. Rxe8+ Kf7 24. Re4 Ngf6 25. Rc4 b5 26. Rd4 g6 27. f5 c5 28. Rd3 c4 29. Rd4 a6 30. Bg5 Nb4 31. c3 Nxa2 32. Rd1 b4 33. Ra1 b3 34. Kf2 gxf5 35. Nxf5 Ne4+ 36. Ke3 Nxg5 37. Kd4 Kf6 38. Ne3 Ne6+ 39. Kxc4 Nc7 40. Kxb3 Nxc3 41. Kxc3 Nb5+ 42. Kd3 Ke5 43. Rxa6 Kf4 44. Rb6 Nc7 45. Rd6 Ne8 46. Rd7 Nf6 47. Ke2 Kg5 48. b4 Kg6 49. Rc7 Ne8 50. Rc6+ Kf7 51. b5 h5 52. b6 Ke7 53. b7 Kd7 54. Rc3 Nf6 55. b8Q Ng4 56. Nxg4 hxg4 1-0